000 00541nam a2200217Ia 4500
003 OSt
005 20220928145603.0
006 a|||||r|||| 00| 0
007 ta
008 220927b |||||||| |||| 00| 0 eng d
024 _a81257
037 _cTextual
040 _aSDCL
_cSDCL
_beng
041 _2eng
_aeng
082 _aX:57.5'N7, L0
100 _aClendenning E Wagne
_9513466
245 0 _aEuro-dollar market
260 _c1970
942 _hX:57.5'N7, L0
_cTEXL
_2CC
999 _c834122
_d834122